Word Ladder: Rocket Man and Piano Man Quiz Stats

 Plays Quiz Updated Nov 3, 2012

Support Sporcle.
Go Orange.
Score 0/30 Timer 03:00
0 Plays Today
% Correct
JEAN
94%
CARE
91.1%
WARN
90.2%
WELLS
90.1%
BELLS
90.1%
♫ELTON♫
89.6%
WALTS
88.6%
MARES
88.6%
♫JOHN♫
88.6%
BILLS
88.3%
JOBS
88.1%
WARE
88%
JOAN
88%
WALLS
87.9%
♫BILLY♫
87.6%
% Correct
BEAN
87.4%
CABS
85.6%
MALTS
85%
BARN
84.5%
BERN
84.1%
COBS
83.9%
♫JOEL♫
82.2%
CARS
81.7%
MARTS
81.3%
BARON
81.2%
MAREN
77.4%
BATON
75.5%
JOES
74.5%
EATON
64.7%
MARON
61.8%

Today's Daily Dose

You're not logged in!

Compare scores with friends on all Sporcle quizzes.
OR
Log In

From the Vault

NHL Top 5 Per Team (2014-15)

by kittypoo

There's top of the league and top of your team. A *few* of these players experienced both.
Remove Ads.
Support Sporcle.
Get the best of Sporcle when you Go Orange. This ad-free experience offers more features, more stats, and more fun while also helping to support Sporcle. Thank you for becoming a member.

Show Comments

Extras

Top Quizzes Today


Score Distribution

Your Account Isn't Verified!

In order to create a playlist on Sporcle, you need to verify the email address you used during registration. Go to your Sporcle Settings to finish the process.

Report this User

Report this user for behavior that violates our Community Guidelines.

Details: